01082nab a22002057a 4500003000400000005001700004008004100021040000700062100002800069245009100097260007300188300001100261500004300272505023700315505009000552650002700642650005200669650001500721773014000736OSt20250225234412.0190604e xxu||||| |||| 00| 0 spa d cPJ aViviano Hidalgo, Marina13aEl silencio en la adopción. Una mirada interdisciplinaria /cMarina Viviano Hidalgo. aCiudad Autónoma de Buenos Aires :bThomson Reuters La Ley, c2025. ap. 33- aCita Online: TR LALEY AR/DOC/2699/2024 aSumario: I. Introducción.— II. Novela familiar.— III. El silencio como obstáculo en el proceso de vinculación.— IV. El silencio en la narrativa personal del niño.— V. El derecho sale a la cancha.— VI. Conclusión. t¿Te interesa el texto completo? Solicitalo al correo: koha@justierradelfuego.gov.ar  0aDERECHO A LA IDENTIDAD 0aDERECHOS DE LAS NIÑAS, NIÑOS Y ADOLESCENTES 0aADOPCIÓN0 02714dCiudad Autónoma de Buenos Aires : Thomson Reuters La Ley, 2014-tRevista anales de legislación argentina. Nº 1 - Enero 2025.